000 00611nam a2200217Ii 4500
003 JO-AjNU
008 230606s9999||||xx |||||||||||||| ||und||
020 _a978-13-815221-5
040 _aJO-AjNU
_beng
_erda
_cJO-AjNU
041 _aeng
050 1 4 _aQA76.785.B785.2010
100 3 _aBruegge,Bernd /Dttoit,Allen,
_eauthor
_93945
245 0 0 _aObject-Orinted software Engineering
250 _a3 ed
264 3 1 _aLondon:PEARSON,2010
300 _a810p
336 _atext
_btxt
_2rdacontent
337 _aunmediated
_bn
_2rdamedia
338 _avolume
_bnc
_2rdacarrier
650 4 _aOpjecte oriented
_93946
999 _aE2056
_c2055
_d2055